European Union technology platforms for innovation development

Gespeichert in:
Bibliographische Detailangaben
1. Verfasser: Braga, Denys
Weitere Verfasser: Vovk, Marta
Format: Buchkapitel
Sprache:Englisch
Schlagworte:
Tags: Tag hinzufügen
Keine Tags, Fügen Sie das erste Tag hinzu!

MARC

LEADER 00000nla a2200000 4500
001 0228882
005 20240502073752.9
041 0 |a eng 
044 |a SK 
245 1 0 |a European Union technology platforms for innovation development  |c Denys Braga, Marta Vovk 
610 2 0 |a inovácia 
610 2 0 |a spolupráca medzinárodná 
610 2 0 |a spolupráca vedecká 
610 2 0 |a veda 
610 2 0 |a technika 
610 2 0 |a projekty 
610 2 0 |a financie 
610 2 0 |a Európska únia 
100 1 |a Braga, Denys 
700 1 |a Vovk, Marta